Insight guide : Sri Lanka.
| Format: | Book |
|---|---|
| Published: |
Singapore:
Apa Publications,
1999.
|
| Subjects: |
| LEADER | 00437cam a2200145 7i4500 | ||
|---|---|---|---|
| 001 | 0000007694 | ||
| 005 | 20000605090000.0 | ||
| 020 | 0 | 0 | |a 9624214484 |
| 090 | 0 | 0 | |a SRLA 910.20295493 |b INS |
| 245 | 0 | 0 | |a Insight guide : |b Sri Lanka. |
| 260 | 0 | 0 | |a Singapore: |b Apa Publications, |c 1999. |
| 300 | # | # | |a 320 p. |
| 650 | 0 | 0 | |a Voyages and travels -- |x Guidebooks -- |z Sri Lanka |
| 651 | 0 | 0 | |a Sri Lanka |
| 999 | |a B000010918 |b Book |c Countries |e Business Information Centre | ||


